Countries Across the Sahara Desert - Statistics

General Stats
  • This quiz has been taken 42 times
  • The average score is 9 of 10
Answer Stats
Countries % Correct
Egypt
100%
Libya
97%
Niger
97%
Morocco
95%
Sudan
95%
Tunisia
95%
Algeria
92%
Chad
92%
Mali
92%
Mauritania
92%
No matching quizzes found
Score Distribution
Percent of People with Each Score
Percentile by Number Answered
Your Score History
You have not taken this quiz